000 01020nam a2200349 b 4500
001 2147
003 DO-SdBPM
005 20250722110149.0
007 ta
008 061205s2006 mx || ||spa
016 7 _a
_2BPMSU
017 _a
_b
020 _a9789707700666
035 _a
040 _aDO-SdBPM
_bspa
_cBPMSU
_e rda
080 0 _a
082 4 _a465
_bG857g 2006
_222
100 1 _aGrijelmo, Álex
_d1956-
_eautor
245 1 3 _aLa gramática descomplicada /
_cÁlex Grijelmo
_h
264 _aMéxico :
_bTaurus,
_c2006
300 _a463 páginas ;
_c24 cm
336 _atexto
_btxt
_2rdacontent
337 _asin mediación
_bn
_2rdamedia
338 _avolumen
_bnc
_2rdacarrier
490 0 _aTaurus ;
_aPensamiento
500 _aIncluye datos biográficos del autor en la solapa de la cubierta
504 _aBibliografía: págianas . 459-461
590 _aInventariado, 2025/VM
650 7 _aEspañol
_xGramática
_2
910 _aVMateo V. Control de calidad.
942 _2ddc
_cBK
999 _c11104
_d11104